History Quiz

Random History or Country Quiz

25 Most Powerful Militaries Quiz Stats

 Plays Quiz Updated Apr 1, 2019

Score 0/25 Timer 03:00
3 Plays Today
Rank Country % Correct
1United States of America
99.1%
3China
98.3%
2Russia
98.2%
5France
95.2%
6United Kingdom
94.9%
10Germany
94.1%
8Japan
89.2%
18North Korea
88.3%
4India
86.7%
25Canada
86.7%
7South Korea
85.3%
19Spain
85.1%
11Italy
82.9%
Rank Country % Correct
13Iran
82.5%
14Brazil
82.1%
21Australia
78.6%
12Egypt
70.4%
17Pakistan
70.3%
16Israel
70%
9Turkey
63.6%
22Poland
60.2%
20Vietnam
51.6%
15Indonesia
51.4%
24Taiwan
26.9%
23Algeria
23.6%

You're not logged in!

Compare scores with friends on all Sporcle quizzes.
OR
Log In

You Might Also Like...

Show Comments

Extras

Top Quizzes Today


Score Distribution

Your Account Isn't Verified!

In order to create a playlist on Sporcle, you need to verify the email address you used during registration. Go to your Sporcle Settings to finish the process.

Report this User

Report this user for behavior that violates our Community Guidelines.

Details: